Consideratio Articvlorvm Fidei Et Dissensvs In Religione

Podrobná bibliografia
Hlavný autor: Schubert, Johann Ernst, 1717-1774 (Autor)
Ďalší autori: Melchior, Johann Adam- vdova (Jena, Nemecko) (Tlačiar)
Médium: Kniha
Jazyk:latinčina
Fyzický popis:[10], 251, [11] 19 cm
Vydavateľské údaje: Ienae et Lipsiae Svmtievs Vidvae B. Ioannis Adami Melchioris MDCCLI [=1751]
Predmet:

MARC

LEADER 00000nam a2200000 a 4500
001 vtls011742614
003 SK-MaSNL
005 20260426000434.0
008 251112s1751 gw 001 0 lat
015 |a SNBHFA1751 
035 |a urn:nbn:sk:snk-am3i83f 
035 |a urn:nbn:sk:snk-am00dwy2 
035 |a 3C7C444C-C23C-4883-90F0-0EE51B9B281D 
035 |a urn:nbn:sk:snk-am00dwyd 
035 |a 0A1EDFBA-EA76-4A9E-A1C6-1BCF53C8541C 
040 |a SNKHF  |b slo  |c SNK  |e AACR2 
041 0 |a lat 
044 |a gw  |c DE 
072 7 |a 2  |x Náboženstvo  |2 konspekt 
072 7 |a 27  |x Kresťanstvo. Kresťanská cirkev všeobecne. Ekleziológia  |2 konspekt 
080 |a 21/29-1/-9  |2 2011 
080 |a 27  |2 2011 
080 |a 2-1  |2 2011 
080 |a 101  |2 2011 
100 1 |a Schubert, Johann Ernst,  |d 1717-1774  |4 aut  |9 363757 
245 1 0 |a Consideratio Articvlorvm Fidei Et Dissensvs In Religione  |c Avtcore Ioanne Ernesto Schvberto Abbate Ceonobii Ad Lap. St. Mich. S. Th. D. 
260 |a Ienae et Lipsiae  |b Svmtievs Vidvae B. Ioannis Adami Melchioris  |c MDCCLI [=1751] 
300 |a [10], 251, [11]  |c 19 cm 
500 |a Vinety, iniciálka na 5 r. s ozdobným pozadím, iniciálky na 2 r. bez pozadia, živé záhlavie, typografické vlysy 
508 |a Predslov autora 
546 |a Latinčina  |b Antikva 
561 |a Z knižnice Učenej spoločnosti malohontskej.  |5 SNK ID 100149 
561 |a Posesorský záznam na titulnom liste: Georgi Fejéš, Eppejess ro 1752.  |5 SNK ID 100149 
561 |a Posesorský záznam na titulnom liste: [...] K. Antl 1822 
562 |a Rukopisné poznámky v latinčine pred titulným listom a v texte.  |5 SNK ID 100149 
650 0 7 |a teológia  |2 SNKPH  |9 1814 
650 0 7 |a filozofia  |2 SNKPH  |9 793 
700 1 |a Feješ, Juraj  |4 fmo  |9 355392 
700 0 |a Melchior, Johann Adam- vdova (Jena, Nemecko)  |4 prt  |9 557830 
710 2 |a Učená spoločnosť malohontská  |4 fmo  |9 205374 
752 |a Nemecko  |d Jena 
752 |a Nemecko  |d Lipsko 
852 |a snk  |b Historické fondy  |p ID 100149 
958 |a ONDV 
999 |c 855768  |d 857698 
952 |t MHC II.B.e.232  |a SNK  |b SNK  |c SNK_HF  |y PREZ  |7 0  |p 17A1299719  |o snkID 100149  |i snk2018/4484  |8 5  |0 0  |1 0  |4 0  |d 2018-02-20  |f 1  |l 0  |r 2026-02-24 04:55:47  |w 2026-02-24 
952 |t MHC II.B.e.222  |a SNK  |b SNK  |c SNK_HF  |y PREZ  |7 0  |p 17A1299716  |o snkID 100149 D1  |i snk2018/4626  |8 5  |0 0  |1 0  |4 0  |d 2018-02-22  |f 1  |l 0  |r 2026-02-24 04:55:47  |w 2026-02-24